Diccionario de autores latinoamericanos
Uloženo v:
| Hlavní autor: | |
|---|---|
| Médium: | Kniha |
| Jazyk: | španělština |
| Vydáno: |
Santiago
Tajamar Editores
2018
Madrid Tres Puntos Ediciones 2018 |
| Vydání: | 1a. ed |
| Témata: | |
| Tagy: |
Přidat tag
Žádné tagy, Buďte první, kdo vytvoří štítek k tomuto záznamu!
|
MARC
| LEADER | 00000cam a2200000 a 4500 | ||
|---|---|---|---|
| 001 | UCC7274 | ||
| 003 | CL-VaPUC | ||
| 008 | 190322e20180000cl |||||||||||||||||spa|d | ||
| 020 | |a 9789563660890 | ||
| 082 | 0 | 4 | |a 980.03 |b AIR |2 21 |
| 100 | 0 | |a Aira, César |e author |9 601814 | |
| 245 | 1 | 0 | |a Diccionario de autores latinoamericanos |
| 250 | |a 1a. ed | ||
| 300 | |a 743 p | ||
| 942 | |c BK | ||
| 945 | |d 20190322 14:57:00 |a dcastane | ||
| 260 | |a Santiago |b Tajamar Editores |c 2018 | ||
| 260 | |a Madrid |b Tres Puntos Ediciones |c 2018 | ||
| 650 | 0 | |a Diccionarios |9 256200 | |
| 650 | 7 | |a ESCRITORES AMERICANOS |2 CL-VaPUC |9 507357 | |
| 650 | 0 | |a Biografías |9 255210 | |
| 583 | |a last modification |c 20190322 14:57:00 |k Rodrigo Vera | ||
| 999 | |c 373959 |d 373957 | ||
| 952 | |0 0 |1 0 |3 erd |4 0 |6 980_030000000000000_AIR_2018_2018 |7 0 |8 A |9 492295 |a BIBART |b BIBART |i 5537118 |o 980.03 AIR 2018 2018 |p 5537118 |r 2025-03-13 |w 2019-11-24 |y BK |z Catalogado en:20190322 |k ART | ||